Вредные вещества в окружающей среде: справочно-энциклопедическое издание

Bibliografiske detaljer
Institution som forfatter: Российская академия естественных наук (РАЕН)
Andre forfattere: Филов В. А. Владимир Александрович (редактор)
Sprog:russisk
Udgivet: СПб., Профессионал, 2009-
Format: MixedMaterials Bog
KOHA link:https://koha.lib.tpu.ru/cgi-bin/koha/opac-detail.pl?biblionumber=180302

MARC

LEADER 00000nam1a2200000 4500
001 180302
005 20231031170730.0
010 |a 9785912590061 
035 |a (RuTPU)RU\TPU\book\195454 
090 |a 180302 
100 |a 20100513d2009 km y0rusy50 ca 
101 0 |a rus 
102 |a RU 
200 1 |a Вредные вещества в окружающей среде  |e справочно-энциклопедическое издание  |f Российская академия естественных наук (РАЕН) ; под ред. В. А. Филова 
210 |a СПб.  |c Профессионал  |d 2009-  
702 1 |a Филов  |b В. А.  |g Владимир Александрович  |4 340 
712 0 2 |a Российская академия естественных наук (РАЕН)  |2 stltpush  |3 (RuTPU)RU\TPU\col\138 
801 1 |a RU  |b 63413507  |c 20100513 
801 2 |a RU  |b 63413507  |c 20120502  |g RCR 
942 |c BK